[Event "Guadalajara-chT"]
[Site "Guadalajara"]
[Date "2016.01.30"]
[Round "2.2"]
[White "Carrasco Martinez, Ivan"]
[Black "Arevalo Estriegana, Jorge"]
[Result "1-0"]
[WhiteElo "1874"]
[BlackElo "1332"]
[PlyCount "65"]
[EventDate "2016.01.23"]
[EventType "team-tourn"]
[EventRounds "9"]
[EventCountry "ESP"]
[SourceTitle "EXT 2017"]
[Source "ChessBase"]
[SourceDate "2016.10.25"]
[SourceVersion "1"]
[SourceVersionDate "2016.10.25"]
[SourceQuality "1"]
[WhiteTeam "Uned A"]
[BlackTeam "Uned Promesas"]
[WhiteTeamCountry "ESP"]
[BlackTeamCountry "ESP"]

1. e4 c6 2. d4 d5 3. exd5 cxd5 4. c4 Nf6 5. Nc3 e6 6. Nf3 Bb4 7. a3 Bxc3+ 8. bxc3 0-0 9. Bd3 dxc4 10. Bxc4 Qc7 11. Qd3 Nc6 12. 0-0 b6 13. Bg5 Nd7 14. Qe4 Bb7 15. Bd3 g6 16. Qh4 Rfe8 17. Qh6 e5 18. dxe5 Ncxe5 19. Nxe5 Qxe5 20. Bc4 Rf8 21. Rfe1 Qxc3 22. Rac1 Qg7 23. Qh3 Nc5 24. Bh6 Qf6 25. Bxf8 Rxf8 26. Qc3 Qg5 27. Qg3 Qf6 28. Qe5 Qh4 29. f3 Qd8 30. Rcd1 Qh4 31. Rd4 Qh6 32. Qf6 Qh5 33. Bxf7+ 1-0